[Event "38th Olympiad w"]
[Site "Dresden GER"]
[Date "2008.11.23"]
[Round "10"]
[White "Muzychuk,A"]
[Black "Harika,D"]
[Result "1/2-1/2"]
[WhiteElo "2508"]
[BlackElo "2461"]
[EventDate "2008.11.13"]

1. e4 c5 2. Nc3 Nc6 3. g3 g6 4. Bg2 Bg7 5. d3 d6 6. f4 Nf6 7. Nf3 O-O 8.
O-O Rb8 9. h3 b5 10. g4 b4 11. Ne2 a5 12. Be3 Ba6 13. Rc1 c4 14. g5 Nh5 15.
b3 cxd3 16. cxd3 Rc8 17. Nh2 Qd7 18. Ng4 e6 19. f5 Rfe8 20. fxg6 fxg6 21.
Nf6+ Bxf6 22. gxf6 Rf8 23. Kh2 Rxf6 24. Rxf6 Nxf6 25. Qd2 Nh5 26. Bf3 Ng7
27. d4 Rf8 28. Bg2 Nh5 29. d5 Ne5 30. Nd4 exd5 31. exd5 Rc8 32. Nc6 Re8 33.
Bd4 Qf5 34. Bxe5 Rxe5 35. Nxe5 Qxe5+ 36. Kg1 Nf4 37. Re1 1/2-1/2

[Event "38th Olympiad w"]
[Site "Dresden GER"]
[Date "2008.11.23"]
[Round "10"]
[White "Sachdev,T"]
[Black "Krivec,J"]
[Result "1/2-1/2"]
[WhiteElo "2425"]
[BlackElo "2345"]
[EventDate "2008.11.13"]

1. d4 d5 2. c4 dxc4 3. Nf3 Nf6 4. e3 e6 5. Bxc4 c5 6. O-O a6 7. Bb3 Be7 8.
Nc3 O-O 9. Qe2 Nc6 10. Rd1 cxd4 11. exd4 Na5 12. Bc2 b5 13. Ne5 Bb7 14. a3
Rc8 15. Rd3 Nc4 16. Rb1 g6 17. Bh6 Re8 18. Bb3 Nd5 19. Ne4 f6 20. Nf3 Qc7
21. Re1 Nf4 22. Bxf4 Qxf4 23. Nfd2 f5 24. Ng3 Bd5 25. Nf3 Qc7 26. Ne5 Bf6
27. Rc3 Bxe5 28. dxe5 Qb7 29. f3 Nb6 30. Rxc8 Rxc8 31. Bxd5 Nxd5 32. Qd2
Qb6+ 33. Kh1 Qc5 34. Ne2 Qf2 35. Rg1 Rc4 36. Qd3 Qe3 37. Qxe3 Nxe3 38. Rc1
Rxc1+ 39. Nxc1 Nc4 40. Nd3 a5 1/2-1/2

[Event "38th Olympiad w"]
[Site "Dresden GER"]
[Date "2008.11.23"]
[Round "10"]
[White "Srebrnic,A"]
[Black "Swathi,G"]
[Result "0-1"]
[WhiteElo "2290"]
[BlackElo "2320"]
[EventDate "2008.11.13"]

1. Nf3 c5 2. c4 Nf6 3. Nc3 b6 4. g3 Bb7 5. Bg2 d6 6. O-O Nbd7 7. b3 g6 8.
Bb2 Bg7 9. d3 O-O 10. e3 a6 11. a3 Qc7 12. Qe2 Rad8 13. Rab1 Qb8 14. Ba1
Qa8 15. b4 Ne5 16. e4 Nfd7 17. bxc5 bxc5 18. Ne1 Nc6 19. Nc2 e6 20. f4 Nd4
21. Nxd4 cxd4 22. Na2 Nc5 23. Nb4 a5 24. Nc2 e5 25. f5 Bc6 26. g4 Rb8 27.
Rbd1 Rb3 28. f6 Bh6 29. h4 Rfb8 30. g5 Bf8 31. Ne1 Rb1 32. Nf3 Rxd1 33.
Rxd1 Rb3 34. Bb2 Qc8 35. Ne1 Na4 36. Rd2 Qb8 37. Bc1 Rb1 38. Rc2 Bd7 39.
Bd2 Qa7 40. Kh2 Nc5 41. h5 Qb6 42. hxg6 hxg6 43. Nf3 Ba4 44. Rc1 Rxc1 45.
Bxc1 Qb1 46. Qe1 Nxd3 47. Qxa5 Nxc1 48. Qxa4 Qxe4 49. Qd1 Qf4+ 50. Kh1 d3
51. Qd2 Qxc4 0-1

[Event "38th Olympiad w"]
[Site "Dresden GER"]
[Date "2008.11.23"]
[Round "10"]
[White "Gomes,Mary"]
[Black "Novak,Ks"]
[Result "1-0"]
[WhiteElo "2298"]
[BlackElo "2163"]
[EventDate "2008.11.13"]

1. Nf3 c5 2. g3 g6 3. Bg2 Nc6 4. O-O Bg7 5. c4 e5 6. Nc3 Nge7 7. d3 O-O 8.
a3 d6 9. Rb1 Rb8 10. b4 b6 11. Bd2 h6 12. e3 Be6 13. b5 Na5 14. e4 f5 15.
exf5 Bxf5 16. Qe2 Qd7 17. Nh4 Bh3 18. Bxh3 Qxh3 19. Qe4 Qe6 20. Nd5 Nxd5
21. cxd5 Qe8 22. Nxg6 Rf6 23. Nh4 Nb7 24. Nf5 Bf8 25. f4 exf4 26. Qxf4 Kh7
27. Bc3 Qg6 28. Bxf6 Qxf6 29. Rbe1 Nd8 30. Re8 Rb7 31. Qe4 1-0

[Event "38th Olympiad w"]
[Site "Dresden GER"]
[Date "2008.11.25"]
[Round "11"]
[White "Harika,D"]
[Black "Danielian,E"]
[Result "0-1"]
[WhiteElo "2461"]
[BlackElo "2513"]
[EventDate "2008.11.13"]

1. d4 d5 2. Nf3 Nf6 3. c4 dxc4 4. e3 e6 5. Bxc4 a6 6. O-O c5 7. Bb3 cxd4 8.
exd4 Be7 9. Nc3 O-O 10. Bf4 Nc6 11. Re1 Na5 12. Bc2 b5 13. d5 exd5 14. Bg5
Nc6 15. Bxf6 Bxf6 16. Nxd5 Be6 17. Bxh7+ Kxh7 18. Qc2+ Kg8 19. Nxf6+ Qxf6
20. Qxc6 Qxb2 21. Qe4 Qf6 22. h4 Rac8 23. Ng5 Bf5 24. Qe5 Qxe5 25. Rxe5 Bg6
26. Nf3 Rfe8 27. Rd1 f6 28. Rxe8+ Bxe8 29. Rd6 a5 30. Nd4 b4 31. Ra6 a4 32.
Ra7 Rb8 33. Re7 Bf7 34. Re2 Rc8 35. f3 Rc1+ 36. Kf2 Ra1 37. Nc2 Rb1 38. Nd4
a3 39. Ke3 Rb2 40. Nc2 Bxa2 41. Nxb4 Rb3+ 42. Kd4 0-1

[Event "38th Olympiad w"]
[Site "Dresden GER"]
[Date "2008.11.25"]
[Round "11"]
[White "Mkrtchian,L"]
[Black "Sachdev,T"]
[Result "1/2-1/2"]
[WhiteElo "2443"]
[BlackElo "2425"]
[EventDate "2008.11.13"]

1. d4 Nf6 2. c4 e6 3. Nc3 Bb4 4. Qc2 d5 5. cxd5 exd5 6. Bg5 c5 7. e3 h6 8.
Bh4 c4 9. Nf3 Nc6 10. Be2 O-O 11. O-O Bxc3 12. bxc3 Qd6 13. Nd2 Re8 14. Bf3
Ne7 15. e4 Nxe4 16. Nxe4 dxe4 17. Qxe4 Qe6 18. Qxe6 fxe6 19. Bh5 g6 20.
Bxe7 gxh5 21. Bd6 Rd8 22. Be5 Bd7 23. Rfe1 Kh7 24. Re3 Rg8 25. Rh3 Bc6 26.
f3 Rg5 27. Kf2 Rag8 28. Rg1 R8g6 29. Rh4 Rf5 30. Re1 Rfg5 31. Rg1 Rf5 32.
h3 Rg8 33. f4 Be8 34. g4 Rff8 35. Bd6 Rf6 36. Be5 Rff8 37. Bd6 Rf6 38. Be5
1/2-1/2

[Event "38th Olympiad w"]
[Site "Dresden GER"]
[Date "2008.11.25"]
[Round "11"]
[White "Swathi,G"]
[Black "Aginian,N"]
[Result "1/2-1/2"]
[WhiteElo "2320"]
[BlackElo "2325"]
[EventDate "2008.11.13"]

1. e4 e6 2. d4 d5 3. Nc3 Nf6 4. e5 Nfd7 5. f4 c5 6. Nf3 Nc6 7. Be3 cxd4 8.
Nxd4 Bc5 9. Qd2 O-O 10. O-O-O Qe7 11. Qf2 f6 12. exf6 Nxf6 13. h3 Bb4 14.
Kb1 e5 15. Nxc6 bxc6 16. fxe5 Ne4 17. Nxe4 Rxf2 18. Nxf2 Qxe5 19. Bd4 Qg3
20. Nd3 Bd6 21. Bf2 Qg6 22. g4 a5 23. Bg2 a4 24. Bd4 Be6 25. Rhe1 Rc8 26.
Nc5 Bxc5 27. Bxc5 h5 28. Bf3 hxg4 29. hxg4 Qf7 30. Rd3 Rb8 31. Be2 Qb7 32.
b3 Bf7 33. Re3 axb3 34. axb3 Bg6 35. Kb2 Be4 36. Bd3 Bxd3 37. Rxd3 Qb5 38.
Rc3 Ra8 39. Ra1 Re8 40. Ra7 Re4 41. g5 Rg4 42. Ra8+ Kh7 43. Rc8 Qb7 44. Re8
Rxg5 45. Rh3+ Kg6 46. Re7 Qc8 47. Rhe3 Rg2 48. Bd4 Kh7 49. Rc3 Rg4 50. Rh3+
Kg8 51. Rhe3 Qf5 52. c3 Qf1 53. Re2 Rg2 54. Rxg2 Qxg2+ 55. Ka3 g5 56. Rc7
g4 57. Rxc6 Qc2 58. Rc7 Qe4 59. b4 Qe2 60. Ka4 Qa6+ 61. Kb3 Kf8 62. Rc5 Qb7
63. b5 g3 64. Kb4 g2 65. Rc6 Qe7+ 66. Ka5 Ke8 67. Rg6 Kd7 68. b6 Kc8 69.
Rxg2 Qa3+ 70. Kb5 Qb3+ 71. Kc5 Qa3+ 72. Kc6 Qa4+ 73. Kd6 Qa3+ 74. Ke6 Qf8
75. Rg7 Qe8+ 76. Kd6 Qd8+ 77. Kc5 Qf8+ 78. Kb5 Qf1+ 79. Kc5 Qf8+ 80. Kxd5
Qf5+ 81. Kc4 Qe6+ 82. Kb4 Qd6+ 83. Bc5 Qd5 84. Re7 Kb8 85. b7 Qc4+ 1/2-1/2

[Event "38th Olympiad w"]
[Site "Dresden GER"]
[Date "2008.11.25"]
[Round "11"]
[White "Galojan,L"]
[Black "Gomes,Mary"]
[Result "1/2-1/2"]
[WhiteElo "2305"]
[BlackElo "2298"]
[EventDate "2008.11.13"]

1. d4 Nf6 2. c4 e6 3. Nf3 b6 4. g3 Ba6 5. b3 d5 6. Bg2 Bb4+ 7. Bd2 Bd6 8.
cxd5 exd5 9. Nc3 O-O 10. O-O Re8 11. Re1 Bb7 12. Nb5 Bf8 13. Bf4 Na6 14. a3
c6 15. Nc3 Nc7 16. Bc1 Ne4 17. Bb2 g6 18. Qc2 Nxc3 19. Qxc3 Bg7 20. Rad1
Nb5 21. Qc1 Rc8 22. a4 Nd6 23. Qa1 Ne4 24. Ne5 Qe7 25. e3 c5 26. Bxe4 dxe4
27. Nc4 Bd5 28. Rc1 cxd4 29. Bxd4 Bxd4 30. Qxd4 Red8 31. Red1 Qe8 32. Qf6
Qe6 33. Qg5 f6 34. Qh6 Qg4 35. Qf4 Qxf4 36. exf4 Be6 37. Rxd8+ Rxd8 38. a5
Rc8 39. axb6 axb6 40. Rb1 Rc6 41. Ne3 Kf7 42. g4 Rc3 43. b4 Ke7 44. f5 gxf5
45. gxf5 Bf7 46. Ra1 Rb3 47. Ra7+ Kf8 48. Ng4 Kg7 49. h4 Rxb4 50. Nh6 Kxh6
51. Rxf7 Rb5 52. Rxf6+ Kh5 53. Re6 Kxh4 54. f6 Rg5+ 55. Kf1 Rf5 56. Rxe4+
Kg5 57. Re7 Kg6 58. Rg7+ Kh6 59. Rb7 Rxf6 60. Kg2 Kg6 61. Kg3 h5 62. f3 Kg5
63. Rg7+ Rg6 64. Rf7 h4+ 65. Kg2 Rf6 66. Rg7+ Kf5 67. Rh7 Rg6+ 68. Kf2 Kg5
69. Kg2 Rh6 70. Rg7+ Kf6 71. Rb7 h3+ 72. Kh2 Ke5 73. Re7+ Kd4 74. Re1 b5
75. f4 b4 76. f5 b3 77. Re6 Rh5 78. f6 Rf5 79. Kxh3 Kc5 80. Re3 Kc4 81. Re6
b2 82. Rb6 Kc3 83. Rc6+ Kd2 84. Rd6+ Kc2 85. Rc6+ Kb3 86. Rb6+ Kc3 87. Rc6+
Kd3 88. Rb6 Kc2 89. Rc6+ Kb1 90. Kg4 Rb5 91. f7 Rb8 92. Kg5 Ka2 93. Rc2 Kb3
94. Rxb2+ Kxb2 95. Kg6 1/2-1/2